header

The child (Record no. 128830)

MARC details
000 -LEADER
fixed length control field 01290nam a2200325 a 4500
100 1# - MAIN ENTRY--AUTHOR NAME
Personal name Neumann, Erich.
245 14 - TITLE STATEMENT
Title The child
260 ## - PUBLICATION, DISTRIBUTION, ETC. (IMPRINT)
Place of publication London :
Name of publisher Karnac Books,
Year of publication 1988.
300 ## - PHYSICAL DESCRIPTION
Number of Pages 221 p.
490 0# - SERIES STATEMENT
Series statement Karnac classics
500 ## - GENERAL NOTE
General note First published in 1973 by Hodder & Stoughton Ltd.
650 #0 - SUBJECT ADDED ENTRY--TOPICAL TERM
Topical Term Child psychology.
Topical Term Personality in children.
700 1# - ADDED ENTRY--PERSONAL NAME
Personal name Manheim, Ralph,
856 40 - ELECTRONIC LOCATION AND ACCESS
Uniform Resource Identifier http://site.ebrary.com/lib/rucke/Doc?id=10497325

No items available.

© 2026 Rongo University
Contact us: librarian | system librarian | Rongo university